00478cam a22001452 4500001001100000005001700011008004100028020002800069040001500097050001900112245010700131260003100238300001500269650004800284000000514120151217155826.0070606s xx 000 0 eng d a9211313597 :cKES 1,200 aKABUcKABU 0aTD345b.A37R4710aReport of the International consultations on partnership in the water sector for cities in Africa :b. aNairobi :bHabitat,c1997. aIx, 290 p. 0aMunicipal water supplyzAfrica.@0000156262